Normal view MARC view
  • Friedman, William F

Entry Personal Name

Number of records used in: 1

001 - CONTROL NUMBER

  • control field: 101016

003 - CONTROL NUMBER IDENTIFIER

  • control field: NUST

005 - DATE AND TIME OF LATEST TRANSACTION

  • control field: 20221020143218.0

008 - FIXED-LENGTH DATA ELEMENTS

  • fixed length control field: 221020|| aca||aabn | a|a d

040 ## - CATALOGING SOURCE

  • Original cataloging agency: NUST
  • Transcribing agency: NUST

100 ## - HEADING--PERSONAL NAME

  • Personal name: Friedman, William F

670 ## - SOURCE DATA FOUND

  • Source citation: Work cat.: (NUST)175979: Friedman, William F., Elements of cryptanalysis, c1976
© 2023 Central Library, National University of Sciences and Technology. All Rights Reserved.